000 00744nam a2200253 a 4500
001 70975
003 BD-RJUL
005 20211209082050.0
008 170423s1964 enkab b 001 0 eng d
035 _a(BD-RJUL)71189
040 _aDLC
_cDLC
_dOCL
_dBD-RJUL
_beng
041 _aeng
082 _223
_a914.7
_bMEG 1964
090 _aDK28
_b.M527
099 _aDK28.M527
100 1 _aMellor, Roy E. H.
_9210023
245 1 0 _aGeography of the U.S.S.R. /
_cby R. E. H. Mellor.
260 _aLondon,
_bMacmillan;
_aNew York :
_bSt. Martin's Press,
_c1964.
300 _axv, 402 p. :
_bill. ;
_c23 cm.
504 _aBibliography: p. 377-381 & Index.
651 0 _aSoviet Union
_xGeography.
_9210024
942 _2ddc
_cBK
999 _c70975
_d70975